<?xml version="1.0" encoding="UTF-8"?><?xml-stylesheet type="text/xsl" href="static/style.xsl"?><OAI-PMH xmlns="http://www.openarchives.org/OAI/2.0/" xmlns:xsi="http://www.w3.org/2001/XMLSchema-instance" xsi:schemaLocation="http://www.openarchives.org/OAI/2.0/ http://www.openarchives.org/OAI/2.0/OAI-PMH.xsd"><responseDate>2026-04-19T04:31:16Z</responseDate><request verb="GetRecord" identifier="oai:riubu.ubu.es:10259/6313" metadataPrefix="marc">https://riubu.ubu.es/oai/request</request><GetRecord><record><header><identifier>oai:riubu.ubu.es:10259/6313</identifier><datestamp>2022-03-23T10:40:27Z</datestamp><setSpec>com_10259.4_103</setSpec><setSpec>com_10259.4_1</setSpec><setSpec>com_10259_2604</setSpec><setSpec>col_10259_6305</setSpec></header><metadata><record xmlns="http://www.loc.gov/MARC21/slim" xmlns:doc="http://www.lyncode.com/xoai" xmlns:xsi="http://www.w3.org/2001/XMLSchema-instance" xmlns:dcterms="http://purl.org/dc/terms/" xsi:schemaLocation="http://www.loc.gov/MARC21/slim http://www.loc.gov/standards/marcxml/schema/MARC21slim.xsd">
<leader>00925njm 22002777a 4500</leader>
<datafield tag="042" ind1=" " ind2=" ">
<subfield code="a">dc</subfield>
</datafield>
<datafield tag="720" ind1=" " ind2=" ">
<subfield code="a">Casillas García, José A.</subfield>
<subfield code="e">author</subfield>
</datafield>
<datafield tag="260" ind1=" " ind2=" ">
<subfield code="c">2016</subfield>
</datafield>
<datafield tag="520" ind1=" " ind2=" ">
<subfield code="a">En este trabajo se pretende dar a conocer el desarrollo&#xd;
de los Juicios de Residencia en un entorno rural concreto, la villa de&#xd;
Caleruega, y en un período también concreto, los siglos XVI a XVIII.&#xd;
El Juicio de Residencia, de larga tradición en la corona de Castilla,&#xd;
ha sido sobradamente estudiado por los investigadores, sobre todo&#xd;
en los casos de gran notoriedad. Nosotros, en un nivel más modesto,&#xd;
hemos pretendido centrar el estudio en como se desarrollaron en la&#xd;
práctica estos juicios en un entorno de la Castilla profunda, pensando&#xd;
que puede contribuir al conocimiento de la vida rural.</subfield>
</datafield>
<datafield tag="520" ind1=" " ind2=" ">
<subfield code="a">This work intends to explain the development of the&#xd;
“Juicios de Residencia” in a particular rural environment, the town&#xd;
of Caleruega, and in a particular time period, the 16th to 18th centuries.&#xd;
The “Juicio de Residencia” had a long tradition in the Crown&#xd;
of Castile, and has been studied significantly by researchers, specially&#xd;
in the most notorious cases. More modestly, we want to focus&#xd;
our study on these “juicios” in the environment of deep Castile, intending to contribute to the knowledge of rural life.</subfield>
</datafield>
<datafield tag="024" ind2=" " ind1="8">
<subfield code="a">0211-8998</subfield>
</datafield>
<datafield tag="024" ind2=" " ind1="8">
<subfield code="a">http://hdl.handle.net/10259/6313</subfield>
</datafield>
<datafield ind1=" " ind2=" " tag="653">
<subfield code="a">Juicio de Residencia</subfield>
</datafield>
<datafield ind1=" " ind2=" " tag="653">
<subfield code="a">Vida rural</subfield>
</datafield>
<datafield ind1=" " ind2=" " tag="653">
<subfield code="a">Caleruega</subfield>
</datafield>
<datafield ind1=" " ind2=" " tag="653">
<subfield code="a">Gobierno municipal</subfield>
</datafield>
<datafield ind1=" " ind2=" " tag="653">
<subfield code="a">Rural life</subfield>
</datafield>
<datafield ind1=" " ind2=" " tag="653">
<subfield code="a">Municipal government</subfield>
</datafield>
<datafield tag="245" ind1="0" ind2="0">
<subfield code="a">Los "Juicios de Residencia" en la villa de Caleruega</subfield>
</datafield>
</record></metadata></record></GetRecord></OAI-PMH>